| Tag |
First Indicator |
Second Indicator |
Subfields |
| LEADER |
00000cam a2200000 a 4500 |
| 001 |
in00000412321 |
| 005 |
20151012052029.0 |
| 008 |
840821s1984 nyu 00011 eng d |
| 020 |
|
|
|a 0441865704 (pbk.) :
|c $2.75 ($2.95 Can.)
|
| 035 |
|
|
|a (OCoLC)11073728
|
| 035 |
|
|
|9 ABT8675AM
|
| 040 |
|
|
|a OHI
|c OHI
|d TXA
|d UtOrBLW
|
| 049 |
|
|
|a TXA1
|c [A14808530975]
|
| 090 |
|
|
|a PR6058.A6942
|b V5 1984
|
| 100 |
1 |
|
|a Harrison, M. John
|q (Michael John),
|d 1945-
|
| 245 |
1 |
0 |
|a Viriconium nights /
|c M. John Harrison.
|
| 264 |
|
1 |
|a New York :
|b Berkley,
|c [1984]
|
| 264 |
|
4 |
|c ©1984
|
| 300 |
|
|
|a 182 pages ;
|c 18 cm.
|
| 336 |
|
|
|a text
|b txt
|2 rdacontent
|
| 337 |
|
|
|a unmediated
|b n
|2 rdamedia
|
| 338 |
|
|
|a volume
|b nc
|2 rdacarrier
|
| 500 |
|
|
|a "Ace fantasy books"
|
| 999 |
|
|
|a MARS
|
| 999 |
f |
f |
|s af8b0f1b-0fc9-308d-8eeb-fe786fe18bcd
|i 90fc5b7c-8442-3bb5-b2dc-a15d3d75ba8a
|t 0
|
| 952 |
f |
f |
|p noncirc
|a Texas A&M University
|b College Station
|c Cushing Memorial Library & Archives
|d Cushing: Science Fiction (Does not check out)
|t 0
|e PR6058.A6942 V5 1984
|h Library of Congress classification
|i unmediated -- volume
|m A14808530975
|
| 998 |
f |
f |
|a PR6058.A6942 V5 1984
|t 0
|l Cushing: Science Fiction (Does not check out)
|